000 00568nam a2200205Ia 4500
005 20240415100802.0
008 131103s9999 xx 000 0 und d
020 _a0 87692 563 8
_cRs.148.00
040 _aLoreto College
041 _aEnglish
082 _a425
_bZIN
100 _aZinkin, Taya
245 _aWrite right
_b a guide to effective communication in english
_cTaya Zinkin
260 _aNew Delhi
_bPrentice - Hall
_c1989
300 _a105p.
440 _aPergamon institute of english
650 _aEnglish grammar
850 _aLCBED
942 _cBK
999 _c28127
_d78606